Κατάλογος Βιβλιοθηκών Mediterranean College

Η Ερμηνεία των Ονείρων (Record no. 5783)

MARC details
000 -LEADER
fixed length control field 03014cam a22001934a 4500
005 - ΗΜΕΡΟΜΗΝΙΑ ΚΑΙ ΩΡΑ ΤΕΛΕΥΤΑΙΑΣ ΕΝΗΜΕΡΩΣΗΣ
Πεδίο ελέγχου 20250605164222.0
008 - FIXED-LENGTH DATA ELEMENTS--GENERAL INFORMATION
Πεδίο ελέγχου σταθερού μήκους 250528s ||||||||||||||||||||||||d
035 ## - SYSTEM CONTROL NUMBER
System control number 20697
020 ## - ISBN
ISBN 9607105125
040 ## - ΠΗΓΗ ΚΑΤΑΛΟΓΟΓΡΑΦΗΣΗΣ
Φορέας πρωτότυπης καταλογογράφησης MC Athens Campus Library
Γλώσσα καταλογογράφησης Ελληνικά, Μοντέρνα (1453-)
Modifying agency MC Athens Campus Library
Κανόνες περιγραφικής καταλογογράφησης AACR2
245 1# - ΤΙΤΛΟΣ ΚΑΙ ΔΗΛΩΣΗ ΥΠΕΥΘΥΝΟΤΗΤΑΣ
Τίτλος Η Ερμηνεία των Ονείρων
260 ## - PUBLICATION, DISTRIBUTION, ETC.
Name of publisher, distributor, etc. Επίκουρος,
Date of publication, distribution, etc. 1993
300 ## - PHYSICAL DESCRIPTION
Extent 624
520 ## - SUMMARY, ETC.
Summary, etc. Το βιβλίο δεν είναι βέβαια λαϊκός ονειροκρίτης αλλά η via regia, η βασιλική οδός, που οδηγεί κατ'ευθείαν στο ασυνείδητο, σε εκείνη τη γεμάτη από ανικανοποίητα πάθη και απωθημένες σκέψεις και επιθυμίες σκοτεινή περιοχή της ψυχής του ανθρώπου, που ο Φρόϋντ έταξε σκοπό της ζωής του να εξερευνήσει με την τόλμη του πρωτοπόρου εξερευνητή και να την φωτίσει με τα μέσα και τις μεθόδους του μεγάλου επιστήμονα. Πρόλογοι, Η Επιστημονική Βιβλιογραφία για την Προβληματική του Ονείρου, Η Σχέση του Ονείρου προς την Άγρυπνη Ζωή, Το Υλικό του Ονείρου - Η Μνήμη στο Όνειρο, Ερεθίσματα και Πηγές του Ονείρου, Γιατί Μετά το Ξύπνημα Ξεχνούμε το Όνειρο, Οι Ψυχολογικές Ιδιαιτερότητες του Ονείρου, Τα Ηθικά Συναισθήματα στο Όνειρο, Οι Θεωρίες του Ονείρου και η Λειτουργία του Ονείρου, Σχέσεις μεταξύ Ονείρου και Πνευματικών Διαταραχών, Η Μέθοδος της Ερμηνείας των Ονείρων - Η Ανάλυση Ενός Υποδείγματος Ονείρου, Το Όνειρο είναι Εκπλήρωση μιας Επιθυμίας, Η Παραμόρφωση του Ονείρου, Το Υλικό και οι Πηγές του Ονείρου, Το Πρόσφατο και το Αδιάφορο στο Όνειρο, Η Παιδική Ηλικία ως Πηγή των Ονείρων, Οι Σωματικές Πηγές του Ονείρου, Χαρακτηριστικά Όνειρα, Η Εργασία του Ονείρου, Η Εργασία της Συμπύκνωσης, Η Εργασία της Μετάθεσης, Τα Παραστατικά Μέσα του Ονείρου, Η Μέριμνα για την Παραστατικότητα, Η Παράσταση Μέσω Συμβόλων στο Όνειρο, Τα Συναισθήματα στο Όνειρο, Η Ψυχολογία των Διεργασιών του Ονείρου, Βιβλιογραφίες
700 1# - ΠΡΟΣΘΕΤΗ ΑΝΑΓΡΑΦΗ--ΦΥΣΙΚΟ ΠΡΟΣΩΠΟ
Personal name Φρόϋντ Σίγκουντ
9 (RLIN) 4129
942 ## - ADDED ENTRY ELEMENTS (KOHA)
Koha item type Books
Holdings
Τύπος τεκμηρίου Βιβλιοθήκη Τρέχουσα τοποθεσία Barcode Αριθμός εισαγωγής Ημερομηνία απόκτησης Ταξιθετικό σύμβολο Αριθμός αντιτύπου Κατάσταση απόσυρσης Κατάσταση χαμένου Κατάσταση κατεστραμμένου Μη δανεισμός Σύνολο δανεισμών Ημερομηνία τελευταίας εμφάνισης Η τιμή ισχύει από
Books MC Athens Campus Library MC Thessaloniki Campus Library 9780000057822 7310 05/06/2025 154.63 FRE 1           08/12/2025 05/06/2025

MC Athens Campus Library
Πατησίων 94 & Κοδριγκτώνος 13, 104 34
Πελλήνης 8 & Πατησίων 107, 112 51
Τ: +30 210 8899600

MC Thessaloniki Campus Library
Ίωνος Δραγούμη 21, 54625 | Ίωνος Δραγούμη 15, 54625
Τ: +30 2310 287779 – Τ: +30 2314 440300